00342 a2200097 4500001001000000005001700010008004100027245009000068100001900158773006700177ART_5769120260410162031.0260409a 10aMercado de trabajo, vulnerabilidad social y movilización política en Buenos Aires1 aCross, Cecilia0 tEnsayos de economíag- Vol. 22, Nº 41 (jun. 2012)wREV44097